Statistics for What Continent is this Capital in? #2

Click here to take the quiz!

General Stats

  • This quiz has been taken 30 times
  • The average score is 9 of 10

Answer Stats

QuestionAnswer% Correct
SeoulAsia
100%
CopenhagenEurope
100%
MoscowEurope
96%
Tarawa AtollOceania
96%
DamascusAsia
93%
AnkaraAsia
93%
ChisinauEurope
93%
Guatemala CityNorth America
93%
MalaboAfrica
89%
AntananarivoAfrica
82%

Score Distribution

Percentile by Number Answered

Percent of People with Each Score

Your Score History

You have not taken this quiz